Guerra y globalización : antes y después del XI-IX-MMI /

Ensayo sobre los antecedentes y las probables consecuencias del ataque del 11 de septiembre de 2001 a las Torres Gemelas de Nueva York, Estados Unidos, que -a juicio del autor- tiene un principio que supera el fundamentalismo religioso y el odio a la cultura norteamericana: es la expresión más visib...

Повний опис

Збережено в:
Бібліографічні деталі
Автор: Chossudovsky, Michel (autor)
Формат: Книга
Мова:Іспанська
Опубліковано: México : Siglo XXI, 2002, c2002
Серія:(Sociología y Política)
Предмети:
Теги: Додати тег
Немає тегів, Будьте першим, хто поставить тег для цього запису!

MARC

LEADER 00000nam^a2200000^a^4500
001 000146494
005 20250521000000.0
009 20260310095911.854
020 |a 968-23-2389-4 
037 |a Acervo ITESO - Biblioteca 
041 |a ESP 
082 |a 320. 956061  |b CHO 
100 |a Chossudovsky, Michel  |e (autor) 
245 1 0 |a Guerra y globalización :  |b antes y después del XI-IX-MMI /  |c M. Chossudovsky ; tr. por Bertha Ruiz de la Concha. 
264 4 |a México :  |b Siglo XXI,  |c 2002, c2002 
300 |a 142 p. 
336 |a texto  |b txt  |2 rdacontenido 
337 |a sin mediación  |b n  |2 rdamedio 
338 |a volumen  |b nc  |2 rdasoporte 
440 1 |a (Sociología y Política) 
520 |a Ensayo sobre los antecedentes y las probables consecuencias del ataque del 11 de septiembre de 2001 a las Torres Gemelas de Nueva York, Estados Unidos, que -a juicio del autor- tiene un principio que supera el fundamentalismo religioso y el odio a la cultura norteamericana: es la expresión más visible de la industria del terrorismo, que es posible signifique el mecanismo con el cual se lleve hasta sus últimas consecuencias la globalización empresarial. Michel Chossudovsky establece relaciones entre la invasión rusa a Afganistán, el bombardeo a Yugoslavia, la guerra de Kosovo, la defensa de la ruta balcánica del opio o los intereses de la industria petrolera, entre otros muchos acontecimientos que apenas se visulmbran dentro de los planes de la globalización. 
649 |a XX 
650 |a Terrorismo 
650 |a Guerra y Paz 
650 |a Violencia Política 
650 |a Problemas Sociales 
650 |a Fundamentalismo Político 
650 |a Fundamentalismo Religioso 
650 |a Islamismo y Estado 
650 |a Política Petrolera 
650 |a Política Energética 
650 |a Política Militar -  |z EUA -  |x Historia 
650 |a Política Exterior -  |z EUA -  |x Historia 
650 |a Política -  |z EUA -  |x Historia -  |y 11 de Septiembre de 2001 
650 |a Política -  |z EUA -  |x Historia -  |y 2001-2009 
650 |a Política -  |z EUA -  |x Historia -  |y Siglo XXI 
650 |a Nuevo Orden Mundial 
650 |a Política Internacional 
650 |a Globalización 
650 |a EUA -  |x Condiciones Políticas 
650 |a Bin Laden, Osama 
910 |a Fondo General 
920 |a Impresos - Libros 
930 |a Colección General 
905 |a 101 
901 |a 0500075936  |b IT1  |c ACC  |u 20250521 
902 |a https://opac.biblio.iteso.mx/vufind/Record/000146494